000 01037cam a2200265 4500
001 ABS67915
008 040630n2004 000 0 eng u
035 _a(Sirsi) u126650
245 _aWasting away
260 _c2004
490 _aNew Civil Engineer
_v17 June 2004, 20-22(7)
520 _aExamines the Institution of Civil Engineers' annual "State of the nation" report on the UK's infrastructure. Particularly highlights the problems facing the waste industry as the European Landfill Directive (Directive 99/31/EC) takes effect. Also covers water, wastewater and flooding, energy, sustainability and communities and transport. Includes a summary and copy of the report.
590 _aABS
590 _aABS
650 _aWASTE HANDLING
650 _aFLOODING
650 _aENERGY INDUSTRY
650 _aSustainability
_96271
650 _aCOMMUNITIES PLAN
650 _aTRANSPORT INFRASTRUCTURE
650 _aCONSTRUCTION INDUSTRY
650 _aWASTE INDUSTRY
690 _aDEVELOPMENT-SUSTAINABLE
942 _n0
999 _c117622
_d117622